| 000 | 00940 a2200157 4500 | ||
|---|---|---|---|
| 003 | Nust | ||
| 005 | 20230515131346.0 | ||
| 020 | _a6221311 | ||
| 040 | _cNust | ||
| 082 | _a001.539,INF | ||
| 100 |
_aHowerton w ,paul _9112313 |
||
| 245 |
_aInformation handling first principles / _cPaul W. Howerton |
||
| 505 | _aInformation System Theory as the Foundation of Practice of Practical Design (Page-1), File Organization: Principles and Practices for Processing and Maintaining the Collection (Page-19), Indexing in Depth: Practical Parameters (Page-55), Optimizing Information Searches (Page-89), Feedback from the User (Page-107), The Role of the Information System Executive (Page-137), Organization for a Science Information Service (Page-171), Selection and Training of Information Center Personal (Page-183), Criteria for Total Information System Evaluation (Page-195). | ||
| 650 |
_aInformation Handling _9112314 |
||
| 942 |
_2ddc _cBKB |
||
| 999 |
_c176203 _d176203 |
||